| 000 | 00808nam a22002417a 4500 | ||
|---|---|---|---|
| 003 | URS | ||
| 005 | 20250828100510.0 | ||
| 008 | 250408b ||||| |||| 00| 0 eng d | ||
| 020 | _a9789712356865 | ||
| 040 | _cURS | ||
| 050 |
_aPE1130 _b.F5 2010 |
||
| 100 |
_912185 _aBuendicho, Flordeliza C. |
||
| 245 | _aEnglish plus (instructional modules) | ||
| 264 |
_aManila _bRex Book Store _c©2010 |
||
| 300 |
_a181 pages.,: _c22 cm. |
||
| 336 |
_2rdacontent _atext |
||
| 337 |
_2rdamedia _aunmediated |
||
| 338 |
_2rdacarrier _avolume |
||
| 650 | 0 |
_94723 _aEnglish language--Composition and exercises--Study and teaching. _xPhilippines -- Textbooks. |
|
| 650 | 0 |
_912186 _aCompetence and performance (Linguistics) _xStudy and teaching. |
|
| 650 | 0 |
_94748 _aEnglish language--Study and teaching. |
|
| 942 |
_2lcc _cF |
||
| 999 |
_c84988 _d84986 |
||